Central Library OPAC University of Rajshahi

শিক্ষাদর্শনঃ লক্ষ্য ও সমাজ / (Record no. 46984)

MARC details
000 -LEADER
fixed length control field 00749nam a2200217 a 4500
001 - CONTROL NUMBER
control field 46984
003 - CONTROL NUMBER IDENTIFIER
rucl marc code BD-RjUL
005 - DATE AND TIME OF LATEST TRANSACTION
control field 20211209054236.0
008 - FIXED-LENGTH DATA ELEMENTS--GENERAL INFORMATION
fixed length control field 160806s1996 bg ||||| |||| 00| 0 ben d
035 ## - SYSTEM CONTROL NUMBER
System control number (BD-RjUL)47103
040 ## - CATALOGING SOURCE
Original cataloging agency BD-RjUL
Language of cataloging ben
Transcribing agency BD-RjUL
041 ## - LANGUAGE CODE
Language code of text/sound track or separate title ben
082 ## - DEWEY DECIMAL CLASSIFICATION NUMBER
Classification number 370
Edition number 23
Author mark and year SHI 1996
245 00 - TITLE STATEMENT
Title শিক্ষাদর্শনঃ লক্ষ্য ও সমাজ /
Statement of responsibility, etc. সম্পাদনা, এ. এন. রাশেদা
260 ## - PUBLICATION, DISTRIBUTION, ETC. (IMPRINT)
Place of publication, distribution, etc. ঢাকা :
Name of publisher, distributor, etc. শিক্ষাবার্তা,
Date of publication, distribution, etc. ১৯৯৬
300 ## - PHYSICAL DESCRIPTION
Pagination ১৩৮ পৃ. ;
Size ২০ সেমি.
650 ## - SUBJECT ADDED ENTRY--TOPICAL TERM
Topical term or geographic name as entry element শিক্ষা
9 (RLIN) 143121
Topical term or geographic name as entry element Education
9 (RLIN) 143122
700 ## - ADDED ENTRY--PERSONAL NAME
Personal name রাশেদা, এ. এন.
942 ## - ADDED ENTRY ELEMENTS (KOHA)
Source of classification or shelving scheme Dewey Decimal Classification
Koha item type Books
Holdings
Lost status Source of classification or shelving scheme Damaged status Not for loan Collection code Permanent Location Current Location Shelving location Date acquired Source of acquisition Cost, normal purchase price Total Checkouts Full call number Date last seen Copy number Koha item type Date checked out
  Dewey Decimal Classification     Non-fiction Central Library, University of Rajshahi Central Library, University of Rajshahi   01/07/1997 Shikkha barta pa. bi. Dhaka 70.00   B 370 SHI 1996 06/08/2016 C-2 Books  
  Dewey Decimal Classification     Non-fiction Central Library, University of Rajshahi Central Library, University of Rajshahi   01/07/1997 Shikkha barta pa. bi. Dhaka 70.00 1 B 370 SHI 1996 12/11/2018 C-3 Books 28/10/2018